ნორმალური ფორმატი
MARC ფორმატი
ჩანაწერი Corporate Name
ჩანაწერთა რაოდენობა, რომელიც გამოყენებულია: 1
001 - CONTROL NUMBER
- control field: 5229
003 - CONTROL NUMBER IDENTIFIER
- control field: GE_BSU
005 - DATE AND TIME OF LATEST TRANSACTION
- control field: 20191101172145.0
008 - FIXED-LENGTH DATA ELEMENTS
- fixed length control field: 191101|| aca||aabn | a|a d
040 ## - CATALOGING SOURCE
- Original cataloging agency: GE_BSU
- Transcribing agency: GE_BSU
110 ## - HEADING--CORPORATE NAME
- Corporate name or jurisdiction name as entry element: ბათუმის სახელმწ. უნ-ტი.
- Subordinate unit: განათლ. და მეცნ. ფაკ-ტი
670 ## - SOURCE DATA FOUND
- Source citation: Work cat.: (GE_BSU): აბაშიძე, ნათია 5228, პარონიმული ატრაქცია და მისი შეპირისპირებით-ტიპოლოგიური კვლევა ფრანგულ და ქართულ ენებში /
